[Event "Novi Sad Put Svile Schev 3rd"]
[Site "Novi Sad"]
[Date "2021.08.03"]
[Round "5.1"]
[White "Borbas, Petar"]
[Black "Alimpic, Aleksa"]
[Result "0-1"]
[WhiteElo "1617"]
[BlackElo "2066"]
[PlyCount "39"]
[EventDate "2021.08.01"]
[EventType "schev"]
[EventRounds "9"]
[EventCountry "SRB"]
[SourceTitle "EXT 2022"]
[Source "ChessBase"]
[SourceDate "2021.10.06"]
[SourceVersion "1"]
[SourceVersionDate "2021.10.06"]
[SourceQuality "1"]
[WhiteTeam "Team A"]
[BlackTeam "Team B"]
[WhiteTeamCountry "SRB"]
[BlackTeamCountry "SRB"]

1. d4 d5 2. c4 dxc4 3. Nc3 Nf6 4. Nf3 a6 5. Qa4+ b5 6. Nxb5 Bd7 7. Nxc7+ Qxc7 8. Qc2 e6 9. e4 Bb4+ 10. Bd2 Bxd2+ 11. Nxd2 0-0 12. Bxc4 Bb5 13. b3 Nc6 14. Bxb5 axb5 15. 0-0 Rac8 16. Nf3 Nxd4 17. Nxd4 Qxc2 18. Nxc2 Rxc2 19. f3 g6 20. Rfd1 0-1

[Event "Novi Sad Winter op"]
[Site "Novi Sad"]
[Date "2014.01.15"]
[Round "9"]
[White "Borbas, Petar"]
[Black "Jevtic, Miroljub L"]
[Result "0-1"]
[WhiteElo "1777"]
[BlackElo "2073"]
[PlyCount "90"]
[EventDate "2014.01.10"]
[EventType "swiss"]
[EventRounds "9"]
[EventCountry "SRB"]
[SourceTitle "CBM 158 Extra"]
[Source "ChessBase"]
[SourceDate "2014.02.28"]
[SourceVersion "1"]
[SourceVersionDate "2014.02.28"]
[SourceQuality "1"]

1. d4 Nf6 2. c4 e6 3. Nc3 Bb4 4. Nf3 h6 5. g3 b6 6. Bg2 Bb7 7. 0-0 Bxc3 8. bxc3 0-0 9. Nh4 Bxg2 10. Nxg2 d6 11. Re1 c5 12. e4 e5 13. d5 Nh7 14. Qg4 Qd7 15. Qf3 f5 16. Qh5 fxe4 17. Qg6 Kh8 18. Qxe4 Qf7 19. Rf1 Nf6 20. Qe2 Nbd7 21. Nh4 Rfd8 22. Nf5 Nf8 23. g4 N8h7 24. h4 Rd7 25. Kh1 h5 26. Ne3 hxg4 27. Ng2 Rf8 28. Bg5 Qg6 29. f4 gxf3 30. Qxf3 Nxg5 31. Qg3 Rdf7 32. Qxg5 Qxg5 33. hxg5 Ne4 34. Rxf7 Rxf7 35. Nh4 Nxg5 36. Kg2 Kg8 37. a4 Ne4 38. a5 bxa5 39. Rxa5 g5 40. Nf3 Kg7 41. Ne1 g4 42. Ra6 Kg6 43. Kg1 Kg5 44. Ng2 g3 45. Ra2 Nxc3 0-1

[Event "Novi Sad Winter op"]
[Site "Novi Sad"]
[Date "2014.01.12"]
[Round "5"]
[White "Jakovljevic, Zoran"]
[Black "Borbas, Petar"]
[Result "1-0"]
[WhiteElo "2122"]
[BlackElo "1777"]
[PlyCount "115"]
[EventDate "2014.01.10"]
[EventType "swiss"]
[EventRounds "9"]
[EventCountry "SRB"]
[SourceTitle "CBM 158 Extra"]
[Source "ChessBase"]
[SourceDate "2014.02.28"]
[SourceVersion "1"]
[SourceVersionDate "2014.02.28"]
[SourceQuality "1"]

1. e4 e5 2. Nf3 Nc6 3. d4 exd4 4. Bc4 Bb4+ 5. c3 dxc3 6. bxc3 Qf6 7. Bg5 Bxc3+ 8. Kf1 Bxa1 9. Bxf6 Nxf6 10. Na3 Be5 11. Nb5 0-0 12. Nxe5 Nxe5 13. Nxc7 Rb8 14. Bd3 d6 15. f3 Be6 16. Nxe6 fxe6 17. Ke2 Nh5 18. Kf2 a6 19. Re1 Nf4 20. Be2 Rfd8 21. g3 Nxe2 22. Rxe2 b5 23. f4 Nc4 24. Rc2 Kf7 25. Qh5+ Kg8 26. Qg4 Re8 27. h4 Rb7 28. h5 h6 29. Qe2 Rc7 30. g4 Rf8 31. Kg3 Rcf7 32. f5 Re8 33. Rxc4 bxc4 34. Qxc4 exf5 35. exf5 Kf8 36. Qxa6 Rd7 37. Qc6 Red8 38. Qd5 Ra7 39. Kf4 Ra4+ 40. Kg3 Ra3+ 41. Kh4 Rda8 42. Qxd6+ Ke8 43. Qe6+ Kf8 44. Qd6+ Ke8 45. f6 gxf6 46. Qe6+ Kf8 47. Qxf6+ Kg8 48. Qg6+ Kh8 49. Qxh6+ Kg8 50. Qg6+ Kh8 51. h6 R3a7 52. Qf6+ Kg8 53. g5 Rf8 54. Qe6+ Kh8 55. Qe5+ Kh7 56. Kh5 Rfa8 57. g6+ Kg8 58. h7+ 1-0

[Event "Novi Sad Winter op"]
[Site "Novi Sad"]
[Date "2014.01.11"]
[Round "2"]
[White "Borbas, Petar"]
[Black "Simeunovic, Predrag"]
[Result "1/2-1/2"]
[WhiteElo "1777"]
[BlackElo "2135"]
[PlyCount "22"]
[EventDate "2014.01.10"]
[EventType "swiss"]
[EventRounds "9"]
[EventCountry "SRB"]
[SourceTitle "CBM 158 Extra"]
[Source "ChessBase"]
[SourceDate "2014.02.28"]
[SourceVersion "1"]
[SourceVersionDate "2014.02.28"]
[SourceQuality "1"]

1. e4 c5 2. Nf3 e6 3. d4 cxd4 4. Nxd4 Nc6 5. Nc3 a6 6. Be3 Nf6 7. a3 Qc7 8. f4 Nxd4 9. Qxd4 Ng4 10. Qb6 Bd6 11. Qxc7 Bxc7 1/2-1/2

[Event "Novi Sad op-B"]
[Site "Novi Sad"]
[Date "2008.04.08"]
[Round "3"]
[White "Cvetic, Dragan"]
[Black "Borbas, Petar"]
[Result "1-0"]
[WhiteElo "2042"]
[BlackElo "1912"]
[PlyCount "151"]
[EventDate "2008.04.06"]
[EventType "swiss"]
[EventRounds "9"]
[EventCountry "YUG"]
[SourceTitle "EXT 2011"]
[Source "ChessBase"]
[SourceDate "2010.11.26"]
[SourceVersion "1"]
[SourceVersionDate "2010.11.26"]
[SourceQuality "1"]

1. d4 Nf6 2. g3 g6 3. Bg2 Bg7 4. Nf3 d6 5. 0-0 0-0 6. Nc3 Nbd7 7. Bg5 h6 8. Bd2 Nb6 9. Qc1 Kh7 10. b3 Rb8 11. a4 Be6 12. e4 c6 13. Rb1 Qd7 14. Bf4 Rbd8 15. Re1 Bh3 16. a5 Na8 17. Qa3 Nc7 18. Rbd1 Rfe8 19. Na4 Bg4 20. c4 Qc8 21. b4 g5 22. Bc1 Nd7 23. Bb2 e5 24. h3 Bh5 25. g4 Bg6 26. d5 Nf6 27. Nh2 cxd5 28. cxd5 Qd7 29. Qb3 Rc8 30. Nf1 Nb5 31. Ng3 Rc7 32. Rc1 Rec8 33. Rxc7 Rxc7 34. Bf1 Bf8 35. Qd3 a6 36. Nb6 Qe8 37. Rc1 Be7 38. Qf3 Bd8 39. Nf5 Rxc1 40. Bxc1 Bxb6 41. axb6 Qd8 42. Bxb5 axb5 43. Be3 Bxf5 44. Qxf5+ Kg7 45. h4 Qd7 46. hxg5 Qxf5 47. gxh6+ Kg6 48. gxf5+ Kh7 49. f3 Ng8 50. Kg2 Nxh6 51. Bxh6 Kxh6 52. Kg3 Kg5 53. Kh3 Kf4 54. Kg2 Ke3 55. Kg3 f6 56. Kg4 Kd4 57. Kh5 Kc4 58. Kg6 Kxb4 59. Kxf6 Kc5 60. Ke6 b4 61. f6 b3 62. f7 b2 63. f8Q b1Q 64. Qxd6+ Kc4 65. Qc7+ Kd3 66. Qxb7 Qg1 67. Qa6+ Kd4 68. Qa4+ Kc5 69. Qc6+ Kd4 70. b7 Qg6+ 71. Kd7 Qf7+ 72. Kd8 Qf8+ 73. Kc7 Qe7+ 74. Kb6 Qb4+ 75. Ka7 Qa3+ 76. Qa6 1-0

[Event "Novi Becej op 25th"]
[Site "Novi Becej"]
[Date "2007.06.13"]
[Round "5"]
[White "Curic, Tijana"]
[Black "Borbas, Petar"]
[Result "1-0"]
[WhiteElo "1435"]
[BlackElo "1959"]
[PlyCount "80"]
[EventDate "2007.06.09"]
[EventType "swiss"]
[EventRounds "9"]
[EventCountry "YUG"]
[SourceTitle "CBM 118 Extra"]
[Source "ChessBase"]
[SourceDate "2007.07.04"]
[SourceVersion "1"]
[SourceVersionDate "2007.07.04"]
[SourceQuality "1"]

1. e4 c5 2. Nf3 Nc6 3. Nc3 e6 4. Be2 d5 5. exd5 exd5 6. d4 c4 7. 0-0 Nf6 8. Re1 Be7 9. Bg5 0-0 10. Ne5 Be6 11. f4 Rc8 12. Qd2 Nxd4 13. Kh1 Nxe2 14. Rxe2 a6 15. Rd1 Rc5 16. Rf2 Ng4 17. Nxg4 Bxg4 18. Bxe7 Qxe7 19. Re1 Qd8 20. h3 Bf5 21. Re5 Be6 22. f5 Qd6 23. Qd4 Rd8 24. fxe6 fxe6 25. Rxe6 Qxe6 26. Qxc5 Qe1+ 27. Kh2 Qe6 28. Qc7 Qd6+ 29. Qxd6 Rxd6 30. Rd2 d4 31. Ne2 d3 32. cxd3 Rxd3 33. Rxd3 cxd3 34. Nc3 Kf7 35. Kg3 Ke6 36. Kf4 d2 37. Ke3 Ke5 38. Kxd2 Kf4 39. Ke2 Kg3 40. Kf1 h5 1-0

[Event "Novi Becej op 25th"]
[Site "Novi Becej"]
[Date "2007.06.10"]
[Round "2"]
[White "Borbas, Petar"]
[Black "Kaposztas, Miklos"]
[Result "1/2-1/2"]
[WhiteElo "1959"]
[BlackElo "2227"]
[PlyCount "103"]
[EventDate "2007.06.09"]
[EventType "swiss"]
[EventRounds "9"]
[EventCountry "YUG"]
[SourceTitle "CBM 118 Extra"]
[Source "ChessBase"]
[SourceDate "2007.07.04"]
[SourceVersion "1"]
[SourceVersionDate "2007.07.04"]
[SourceQuality "1"]

1. d4 g6 2. e4 Bg7 3. Nf3 c5 4. c3 cxd4 5. cxd4 d5 6. Bb5+ Nd7 7. e5 Nh6 8. 0-0 0-0 9. Nc3 Nb8 10. h3 Nc6 11. Bf4 f6 12. Qd2 Nf7 13. Rfe1 fxe5 14. Bxc6 bxc6 15. Nxe5 Nxe5 16. Bxe5 Bf6 17. Qh6 e6 18. Na4 Bxe5 19. Rxe5 Qf6 20. f3 Rb8 21. Qd2 Qf4 22. Qc3 a5 23. Rae1 Rb4 24. Nc5 Qxd4+ 25. Qxd4 Rxd4 26. Nxe6 Bxe6 27. Rxe6 Rd2 28. R1e2 Rxe2 29. Rxe2 Rb8 30. Kf2 Kf7 31. Ke1 Re8 32. a3 c5 33. Rxe8 Kxe8 34. Kd2 Ke7 35. Kc3 Ke6 36. g3 Ke5 37. b3 h5 38. h4 Kf5 39. Kd3 g5 40. hxg5 Kxg5 41. Ke3 h4 42. gxh4+ Kxh4 43. Kf4 Kh3 44. Ke5 d4 45. Ke4 Kg3 46. f4 Kg4 47. f5 Kg5 48. b4 cxb4 49. axb4 d3 50. Kxd3 axb4 51. Kc4 Kxf5 52. Kxb4 1/2-1/2

[Event "Belgrade Trophy 19th"]
[Site "Belgrade"]
[Date "2006.11.30"]
[Round "9"]
[White "Borbas, Petar"]
[Black "Rosandic, Martin"]
[Result "1-0"]
[WhiteElo "1970"]
[BlackElo "1821"]
[PlyCount "65"]
[EventDate "2006.11.22"]
[EventType "swiss"]
[EventRounds "9"]
[EventCountry "YUG"]
[SourceTitle "CBM 115 Extra"]
[Source "ChessBase"]
[SourceDate "2007.01.10"]
[SourceVersion "1"]
[SourceVersionDate "2007.01.10"]
[SourceQuality "1"]

1. d4 Nf6 2. c4 e6 3. Bg5 Be7 4. Nf3 d5 5. e3 Bb4+ 6. Nc3 c5 7. Qc2 Qa5 8. Bxf6 gxf6 9. Bd3 f5 10. cxd5 Bd7 11. dxe6 fxe6 12. 0-0 cxd4 13. Nxd4 0-0 14. a3 Be7 15. b4 Qe5 16. Nf3 Qg7 17. Rac1 a6 18. Ne2 Bc6 19. Ned4 Bd7 20. Qb3 Qh6 21. Nxf5 Qf6 22. Nxe7+ Qxe7 23. Nd4 Kh8 24. Rc7 Qf6 25. Rxb7 e5 26. Nf3 Qc6 27. Rxb8 Rfxb8 28. Nxe5 Qe6 29. Qxe6 Bxe6 30. f4 Re8 31. Rc1 Re7 32. Kf2 h5 33. Ng6+ 1-0

[Event "Novi Sad op-B"]
[Site "Novi Sad"]
[Date "2006.03.??"]
[Round "?"]
[White "Battistini, Matteo"]
[Black "Borbas, Petar"]
[Result "0-1"]
[WhiteElo "2199"]
[BlackElo "1954"]
[PlyCount "94"]
[EventDate "2006.03.??"]
[EventType "swiss"]
[EventRounds "7"]
[EventCountry "YUG"]
[SourceTitle "CBM 111 Extra"]
[Source "ChessBase"]
[SourceDate "2006.05.09"]
[SourceVersion "1"]
[SourceVersionDate "2006.05.09"]
[SourceQuality "1"]

1. c4 Nf6 2. g3 g6 3. Bg2 Bg7 4. Nc3 c6 5. d3 0-0 6. Bg5 d6 7. Qd2 Nbd7 8. Bh6 Ng4 9. Bxg7 Kxg7 10. h4 h5 11. f3 Nge5 12. b3 Nf6 13. d4 Ned7 14. Bh3 e5 15. g4 Rh8 16. g5 Ng8 17. Bxd7 Qxd7 18. 0-0-0 Qc7 19. e3 Ne7 20. dxe5 dxe5 21. Nge2 Be6 22. Ng3 Rhd8 23. Qb2 Kg8 24. Nce4 Nf5 25. Nf6+ Kf8 26. Nxf5 Bxf5 27. Rxd8+ Rxd8 28. e4 Be6 29. Rd1 Rxd1+ 30. Kxd1 Qd6+ 31. Ke2 Ke7 32. Ke3 b6 33. Qd2 Qxd2+ 34. Kxd2 Kd6 35. Ke3 a5 36. f4 exf4+ 37. Kxf4 a4 38. e5+ Kc5 39. Ne4+ Kb4 40. Nd2 Ka3 41. Ke4 Kxa2 42. bxa4 Ka3 43. a5 bxa5 44. Kd4 Kb4 45. Kd3 a4 46. Kc2 Bxc4 47. Ne4 a3 0-1

[Event "Belgrade Trophy 18th"]
[Site "Obrenovac"]
[Date "2005.??.??"]
[Round "1"]
[White "Borbas, Petar"]
[Black "Medancic, Rikard"]
[Result "0-1"]
[WhiteElo "1978"]
[BlackElo "2287"]
[PlyCount "76"]
[EventDate "2005.11.22"]
[EventType "swiss"]
[EventRounds "9"]
[EventCountry "YUG"]
[SourceTitle "CBM 109 Extra"]
[Source "ChessBase"]
[SourceDate "2006.01.03"]
[SourceVersion "2"]
[SourceVersionDate "2006.01.03"]
[SourceQuality "1"]

1. d4 Nf6 2. Nf3 e6 3. c4 Bb4+ 4. Nc3 c5 5. Bd2 0-0 6. a3 Bxc3 7. Bxc3 Ne4 8. Qc2 Nxc3 9. Qxc3 d6 10. e4 Nc6 11. Bd3 e5 12. d5 Ne7 13. 0-0 Ng6 14. Rfe1 Bg4 15. Bf1 Qf6 16. Re3 Rab8 17. a4 Qd8 18. a5 h6 19. h3 Bd7 20. Nh2 Nf4 21. Nf3 f5 22. Nd2 Qg5 23. Rg3 Qh4 24. Nf3 Qf6 25. Nd2 Nh5 26. Rf3 f4 27. Kh2 Qe7 28. Be2 g5 29. g3 g4 30. Rg1 gxf3 31. gxf4+ Kf7 32. Bxf3 Nxf4 33. Qe3 Bxh3 34. Rg3 Qh4 35. Kg1 Rg8 36. Nf1 Bxf1 37. Kxf1 Rxg3 38. fxg3 Qxg3 0-1

[Event "Belgrade Trophy 18th"]
[Site "Obrenovac"]
[Date "2005.??.??"]
[Round "4"]
[White "Nikolic, Branislav S"]
[Black "Borbas, Petar"]
[Result "1-0"]
[WhiteElo "2131"]
[BlackElo "1978"]
[PlyCount "81"]
[EventDate "2005.11.22"]
[EventType "swiss"]
[EventRounds "9"]
[EventCountry "YUG"]
[SourceTitle "CBM 109 Extra"]
[Source "ChessBase"]
[SourceDate "2006.01.03"]
[SourceVersion "2"]
[SourceVersionDate "2006.01.03"]
[SourceQuality "1"]

1. d4 Nf6 2. c4 e6 3. Nf3 d5 4. g3 c5 5. cxd5 Nxd5 6. e4 Nb6 7. Nc3 cxd4 8. Nxd4 a6 9. Be3 N8d7 10. Qe2 Be7 11. Bh3 Ne5 12. Rd1 Qc7 13. 0-0 0-0 14. Rc1 Qd8 15. Rfd1 Qe8 16. b3 Bd8 17. f4 Ng6 18. Qf2 Nd7 19. e5 Bb6 20. Ne4 Qe7 21. Nd6 Bc5 22. N4f5 exf5 23. Bxc5 Nxc5 24. Qxc5 Be6 25. Bxf5 Bxf5 26. Nxf5 Qe6 27. Nd6 Qg4 28. Qe3 b5 29. Rd3 h5 30. f5 Ne7 31. Rf1 Nc6 32. Rf4 Qg5 33. Qc5 Ne7 34. h4 Qh6 35. Ne4 Nxf5 36. Rxf5 Qe6 37. Nd6 Rad8 38. Qd5 Rxd6 39. exd6 Qe1+ 40. Rf1 Qb4 41. d7 1-0